MARC

LEADER 00000nam0a2200000 4500
001 74350
005 20231101212744.0
010 |a 5724602911 
035 |a (RuTPU)RU\TPU\book\79290 
090 |a 74350 
100 |a 20050302d2004 km y0rusy50 ca 
101 0 |a rus 
102 |a RU 
105 |a a z 001zy 
200 1 |a Ресурсосберегающий сервис нефтепродуктообеспечения  |f Е. И. Зоря [и др.] 
210 |a Москва  |c Нефть и газ  |d 2004 
215 |a 444 с.  |c ил. 
225 1 |a Библиотека Госэнергонадзора 
320 |a Библиогр.: с. 438-440. 
606 1 |a Нефтепродукты  |x Потребление  |2 stltpush  |3 (RuTPU)RU\TPU\subj\34248  |9 56248 
610 1 |a нефтехимическая промышленность 
610 1 |a нефтепродуктообеспечение 
610 1 |a измерения 
610 1 |a государственная система 
610 1 |a метрологическое обеспечение 
610 1 |a сертификация 
610 1 |a качество 
610 1 |a контроль 
610 1 |a технические измерения 
610 1 |a пробы 
610 1 |a товарные нефтепродукты 
610 1 |a топливо 
610 1 |a испытания 
610 1 |a масла 
610 1 |a ресурсосбережение 
675 |a 665.71  |v 3 
701 1 |a Зоря  |b Е. И.  |g Евгений Иванович 
701 1 |a Зенин  |b В. И.  |g Владимир Иванович 
701 1 |a Никитин  |b О. В.  |g Олег Владимирович 
701 1 |a Прохоров  |b А. Д.  |g Александр Дмитриевич 
801 1 |a RU  |b 63413507  |c 20050302  |g PSBO 
801 2 |a RU  |b 63413507  |c 20201022  |g PSBO 
900 |a Основы ресурсо- и энергосберегающих технологий углеводородного сырья 
942 |c BK 
959 |a 39/20060524  |d 2  |e 800,00  |f ЧЗТЛ:1  |f УФ:1